000 00497cam a2200193ua 4500
001 5391
008 150216n ii |||gr||||Z||||||asm
020 _a978-7213-129-6
040 _cMAIN
041 _aasm
082 _a891.4512
100 _aHazarika, Pradip,
_eAuthor,
245 _aNatya-samikhayaa
_cby Dr. Pradip Hazarika
250 _a1st.
260 _aGuwahati:
_bPurbanchal Prakash,
_c2011.
300 _a152p:
_c18cm.
653 _aEast Indo-European & Celtic literatures
942 _cBK
999 _c4572
_d4572